000 00368cam a22001217a 4500
008 180718b1957 xxu||||| |||| 00| 0 eng d
082 _aA99 T391/St68
100 _aStoller, Leo
245 _aAfter Walden:thoreau's changing views on economics man
_cby Leo Stoller
260 _aCalifornia
_bStanford
_c1957
300 _a163p
650 _aThoreau, Henry David, 1817-1862.
999 _c416055
_d416055